Numerical methods for bifurcations of dynamical equilibria /
Guardado en:
| Autor Principal: | |
|---|---|
| Formato: | Libro |
| Idioma: | English |
| Publicado: |
Philadelphia, Pa. :
Society for Industrial and Applied Mathematics,
c2000.
|
| Materias: | |
| Etiquetas: |
Agregar Etiqueta
Sin Etiquetas, Sea el primero en etiquetar este registro!
|
| LEADER | 00844cam a22002294a 4500 | ||
|---|---|---|---|
| 001 | MAT.inmabb004019 | ||
| 008 | 990811s2000####paua#####b####001#0#eng## | ||
| 005 | 20130325182058.0 | ||
| 245 | 1 | 0 | |a Numerical methods for bifurcations of dynamical equilibria / |c Willy J.F. Govaerts. |
| 260 | |a Philadelphia, Pa. : |b Society for Industrial and Applied Mathematics, |c c2000. | ||
| 300 | |a xxii, 362 p. : |b il. ; |c 26 cm. | ||
| 504 | |a Incluye referencias bibliográficas e índice. | ||
| 510 | 4 | |a MR, |c 2001b:65002 | |
| 020 | |a 0898714427 | ||
| 100 | 1 | |a Govaerts, Willy J. F. | |
| 650 | 0 | |a Differentiable dynamical systems. | |
| 650 | 0 | |a Differential equations |x Numerical solutions. | |
| 650 | 0 | |a Bifurcation theory. | |
| 084 | |a 65-02 (34C23 37G10 37M20 65P30) |2 msc2000 | ||
| 010 | |a 99044796 | ||
| 040 | |a DLC |c DLC | ||
| 859 | |h 65 |i G721 |p A-8377 |b BIB. MATEMATICA | ||
